<?xml version="1.0" encoding="UTF-8"?>
<record
    xmlns:xsi="http://www.w3.org/2001/XMLSchema-instance"
    xsi:schemaLocation="http://www.loc.gov/MARC21/slim http://www.loc.gov/standards/marcxml/schema/MARC21slim.xsd"
    xmlns="http://www.loc.gov/MARC21/slim">

  <leader>02550njm a2200409Ia 4500</leader>
  <controlfield tag="001">23796</controlfield>
  <controlfield tag="003">IT-RoPAU</controlfield>
  <controlfield tag="005">20220918181124.0</controlfield>
  <controlfield tag="008">131025s9999    xx            000 0 und d</controlfield>
  <datafield tag="040" ind1=" " ind2=" ">
    <subfield code="a">IT-RoPAU</subfield>
  </datafield>
  <datafield tag="040" ind1=" " ind2=" ">
    <subfield code="c">IT-RoPAU</subfield>
  </datafield>
  <datafield tag="999" ind1=" " ind2=" ">
    <subfield code="c">99997</subfield>
    <subfield code="d">99997</subfield>
  </datafield>
  <datafield tag="999" ind1=" " ind2=" ">
    <subfield code="b">n.d.</subfield>
  </datafield>
  <datafield tag="100" ind1=" " ind2=" ">
    <subfield code="a">AA.VV.</subfield>
    <subfield code="9">794</subfield>
  </datafield>
  <datafield tag="100" ind1=" " ind2=" ">
    <subfield code="e">Autore musica</subfield>
    <subfield code="9">5961</subfield>
  </datafield>
  <datafield tag="100" ind1=" " ind2=" ">
    <subfield code="g">Codice autore musica SPICS: 12000</subfield>
    <subfield code="9">796</subfield>
  </datafield>
  <datafield tag="245" ind1=" " ind2=" ">
    <subfield code="a">Intermezzi da opere (Lp 135 088)</subfield>
  </datafield>
  <datafield tag="250" ind1=" " ind2=" ">
    <subfield code="a">1a ed.</subfield>
  </datafield>
  <datafield tag="260" ind1=" " ind2=" ">
    <subfield code="a">GERMANY</subfield>
  </datafield>
  <datafield tag="260" ind1=" " ind2=" ">
    <subfield code="b">DEUTSCHE GRAMMOPHON</subfield>
    <subfield code="c">1966 [1a Ed.:1966]</subfield>
  </datafield>
  <datafield tag="300" ind1=" " ind2=" ">
    <subfield code="a">DISCO</subfield>
  </datafield>
  <datafield tag="500" ind1=" " ind2=" ">
    <subfield code="a">Musica operistica. Musica lirica. Musica classica. Opera lirica: intermezzi</subfield>
  </datafield>
  <datafield tag="505" ind1=" " ind2=" ">
    <subfield code="a">Cavalleria rusticana: intermezzo (Mascagni) - I Pagliacci: intermezzo atto I (Leoncavallo) - Manon Lescaut: intermezzo atto III - Notre Dame: intermezzo (Schmidt) - Il Campiello: intermezzo (Wolf-Ferrari) - L'amico Fritz: intermezzo (Mascagni) - Fedora: intermezzo atto II (Giordano) - Adriana Lecouvreur: intermezzo atto II - La Gioconda: danza delle ore (Ponchielli) - Suor Angelica: intermezzo (Puccini) - I quattro rusteghi: intermezzo (Wolf-Ferrari)</subfield>
  </datafield>
  <datafield tag="511" ind1=" " ind2=" ">
    <subfield code="a">Orchestra Sinfonica di Bamberga diretta da Kulka Janos</subfield>
  </datafield>
  <datafield tag="511" ind1=" " ind2=" ">
    <subfield code="a">Orchestra Sinfonica di Bamberga diretta da Leitner Ferdinand</subfield>
  </datafield>
  <datafield tag="511" ind1=" " ind2=" ">
    <subfield code="a">Orchestra Sinfonica di Radio Berlino diretta da Strauss Paul</subfield>
  </datafield>
  <datafield tag="511" ind1=" " ind2=" ">
    <subfield code="a">Orchestra Sinfonica di Radio Berlino diretta da Fricsay Ferenc</subfield>
  </datafield>
  <datafield tag="650" ind1=" " ind2=" ">
    <subfield code="a">OPERA [DISCHI]</subfield>
    <subfield code="e">Codice MATERIA SPICS: 9950</subfield>
    <subfield code="9">961</subfield>
  </datafield>
  <datafield tag="700" ind1=" " ind2=" ">
    <subfield code="a">Mascagni Pietro</subfield>
    <subfield code="d">Codice autore musica SPICS: 11012</subfield>
    <subfield code="e">Autore musica</subfield>
    <subfield code="p">Cavalleria rusticana: intermezzo - L'amico Fritz: intermezzo</subfield>
    <subfield code="9">5962</subfield>
  </datafield>
  <datafield tag="700" ind1=" " ind2=" ">
    <subfield code="a">Leoncavallo Ruggiero</subfield>
    <subfield code="d">Codice autore musica SPICS: 11470</subfield>
    <subfield code="e">Autore musica</subfield>
    <subfield code="p">I pagliacci: intermezzo atto I</subfield>
    <subfield code="9">5963</subfield>
  </datafield>
  <datafield tag="700" ind1=" " ind2=" ">
    <subfield code="a">Puccini Giacomo</subfield>
    <subfield code="d">Codice autore musica SPICS: 11082</subfield>
    <subfield code="e">Autore musica</subfield>
    <subfield code="p">Manon Lescaut: intermezzo atto III - Suor Angelica: intermezzo</subfield>
    <subfield code="9">5964</subfield>
  </datafield>
  <datafield tag="700" ind1=" " ind2=" ">
    <subfield code="a">Schmidt Franz</subfield>
    <subfield code="d">Codice autore musica SPICS: 1467</subfield>
    <subfield code="e">Autore musica</subfield>
    <subfield code="p">Notre Dame: intermezzo</subfield>
    <subfield code="9">5965</subfield>
  </datafield>
  <datafield tag="700" ind1=" " ind2=" ">
    <subfield code="a">Wolf-Ferrari Ermanno</subfield>
    <subfield code="d">Codice autore musica SPICS: 8274</subfield>
    <subfield code="e">Autore musica</subfield>
    <subfield code="p">Il campiello: intermezzo - I quattro rusteghi: intermezzo </subfield>
    <subfield code="9">5966</subfield>
  </datafield>
  <datafield tag="700" ind1=" " ind2=" ">
    <subfield code="a">Giordano Umberto</subfield>
    <subfield code="d">Codice autore musica SPICS: 13179</subfield>
    <subfield code="e">Autore musica</subfield>
    <subfield code="p">Fedora: intermezzo atto II</subfield>
    <subfield code="9">5967</subfield>
  </datafield>
  <datafield tag="700" ind1=" " ind2=" ">
    <subfield code="a">Cilea Francesco</subfield>
    <subfield code="d">Codice autore musica SPICS: 13779</subfield>
    <subfield code="e">Autore musica</subfield>
    <subfield code="p">Adriana Lecouvreur: intermezzo atto II</subfield>
    <subfield code="9">5968</subfield>
  </datafield>
  <datafield tag="700" ind1=" " ind2=" ">
    <subfield code="a">Ponchielli Amilcare</subfield>
    <subfield code="d">Codice autore musica SPICS: 13061</subfield>
    <subfield code="e">Autore musica</subfield>
    <subfield code="p">La Gioconda: danza delle ore</subfield>
    <subfield code="9">5969</subfield>
  </datafield>
  <datafield tag="942" ind1=" " ind2=" ">
    <subfield code="c">MD</subfield>
    <subfield code="2">ddc</subfield>
  </datafield>
  <datafield tag="952" ind1=" " ind2=" ">
    <subfield code="0">0</subfield>
    <subfield code="1">0</subfield>
    <subfield code="4">0</subfield>
    <subfield code="6">23796_000000000000000</subfield>
    <subfield code="7">1</subfield>
    <subfield code="a">SPICS</subfield>
    <subfield code="b">SPICS</subfield>
    <subfield code="d">2013-10-25</subfield>
    <subfield code="l">0</subfield>
    <subfield code="o">23796</subfield>
    <subfield code="r">2013-10-25 00:00:00</subfield>
    <subfield code="w">2013-10-25</subfield>
    <subfield code="y">MD</subfield>
    <subfield code="z">Progr. Ins.: 4643 / N.Vol.: 1 / Copie: 1 - Copia rara: n.d. / date import: 01.01.2014 - By Epidotti, Trombetti, Vaglietti</subfield>
  </datafield>
</record>
